Touching the world : (Record no. 119773)
[ view plain ]
| 000 -LEADER | |
|---|---|
| fixed length control field | 02501pam a22003854a 4500 |
| 001 - CONTROL NUMBER | |
| control field | 6104851 |
| 003 - CONTROL NUMBER IDENTIFIER | |
| control field | ARRUPE |
| 005 - DATE AND TIME OF LATEST TRANSACTION | |
| control field | 20140130121738.0 |
| 008 - FIXED-LENGTH DATA ELEMENTS--GENERAL INFORMATION | |
| fixed length control field | 070223s2007 mnu b 000 0 eng |
| 010 ## - LIBRARY OF CONGRESS CONTROL NUMBER | |
| LC control number | 2006013850 |
| 020 ## - INTERNATIONAL STANDARD BOOK NUMBER | |
| International Standard Book Number | 0814631754 |
| 020 ## - INTERNATIONAL STANDARD BOOK NUMBER | |
| International Standard Book Number | 9780814631751 |
| 024 3# - OTHER STANDARD IDENTIFIER | |
| Standard number or code | 9780814631751 |
| 024 8# - OTHER STANDARD IDENTIFIER | |
| Standard number or code | R4-628748 |
| 035 ## - SYSTEM CONTROL NUMBER | |
| System control number | (OCoLC)OCM68192397 |
| 035 ## - SYSTEM CONTROL NUMBER | |
| System control number | (OCoLC)68192397 |
| 035 ## - SYSTEM CONTROL NUMBER | |
| System control number | (NNC)6104851 |
| 040 ## - CATALOGING SOURCE | |
| Original cataloging agency | DLC |
| Transcribing agency | DLC |
| Modifying agency | BAKER |
| -- | BTCTA |
| -- | C#P |
| -- | OrLoB-B |
| 042 ## - AUTHENTICATION CODE | |
| Authentication code | pcc |
| 050 00 - LIBRARY OF CONGRESS CALL NUMBER | |
| Classification number | BV4405 |
| Item number | .M39 2007 |
| 082 00 - DEWEY DECIMAL CLASSIFICATION NUMBER | |
| Classification number | 267/.182 |
| Edition number | 22 |
| 300 ## - PHYSICAL DESCRIPTION | |
| Dimensions | 23 cm. |
| 100 1# - MAIN ENTRY--PERSONAL NAME | |
| Personal name | McKanan, Dan, |
| Dates associated with a name | 1967- |
| 9 (RLIN) | 7306 |
| 245 10 - TITLE STATEMENT | |
| Title | Touching the world : |
| Remainder of title | Christian communities transforming society / |
| Statement of responsibility, etc | Dan McKanan. |
| 260 ## - PUBLICATION, DISTRIBUTION, ETC. (IMPRINT) | |
| Place of publication, distribution, etc | Collegeville, Minn. : |
| Name of publisher, distributor, etc | Liturgical Press, |
| Date of publication, distribution, etc | c2007. |
| 300 ## - PHYSICAL DESCRIPTION | |
| Extent | 162 p. ; |
| 504 ## - BIBLIOGRAPHY, ETC. NOTE | |
| Bibliography, etc | Includes bibliographical references. |
| 505 00 - FORMATTED CONTENTS NOTE | |
| Miscellaneous information | 1. |
| Title | Introducing the communities -- |
| Miscellaneous information | 2. |
| Title | Crafting vocation -- |
| Miscellaneous information | 3. |
| Title | Making room for families -- |
| Miscellaneous information | 4. |
| Title | Keeping the faith -- |
| Miscellaneous information | 5. |
| Title | Dying and rising -- |
| -- | Learning More about Camphill and the Catholic worker. |
| 520 1# - SUMMARY, ETC. | |
| Summary, etc | "In this book, McKanan explores two contemporary community movements that touch the world by honoring the diverse spiritual and vocational paths of the families and individuals who join them. One of these movements, Camphill, derives its inspiration from the esoteric vision of Christianity outlined by Rudolf Steiner. It boasts a worldwide network of schools and villages composed of members with and without developmental disabilities, living and working together most often in agricultural settings. The other is the well-known Catholic Worker movement founded in New York by Dorothy Day and Peter Maurin. The Worker movement today includes nearly two hundred urban houses of hospitality and rural farms, along with countless individuals who have taken Day's and Maurin's ideals into everyday life. Blending theological and ethnographic approaches, McKanan builds his study on participant observation, archival research, and interviews with members of more than twenty communities. What emerges is a vision of the impact transformative Christian communities can have in a blessed and broken world."--BOOK JACKET. |
| 650 #0 - SUBJECT ADDED ENTRY--TOPICAL TERM | |
| Topical term or geographic name as entry element | Christian communities. |
| 9 (RLIN) | 7307 |
| 650 #0 - SUBJECT ADDED ENTRY--TOPICAL TERM | |
| Topical term or geographic name as entry element | Communities |
| General subdivision | Religious aspects |
| -- | Christianity. |
| 9 (RLIN) | 7308 |
| 856 41 - ELECTRONIC LOCATION AND ACCESS | |
| Materials specified | Table of contents only |
| Uniform Resource Identifier | <a href="http://www.loc.gov/catdir/toc/ecip0613/2006013850.html">http://www.loc.gov/catdir/toc/ecip0613/2006013850.html</a> |
| 900 ## - EQUIVALENCE OR CROSS-REFERENCE-PERSONAL NAME [LOCAL, CANADA] | |
| Numeration | TOC |
| 942 ## - ADDED ENTRY ELEMENTS (KOHA) | |
| Source of classification or shelving scheme | Library of Congress Classification |
| Koha item type | Monograph ( Printed materials) |
| 948 1# - LOCAL PROCESSING INFORMATION (OCLC); SERIES PART DESIGNATOR (RLIN) | |
| Series part designator, SPT (RLIN) | 20070328 |
| b (OCLC) | c |
| c (OCLC) | sds12 |
| d (OCLC) | MPS |
| Withdrawn status | Lost status | Source of classification or shelving scheme | Damaged status | Not for loan | Collection code | Home library | Current library | Shelving location | Date acquired | Total Checkouts | Full call number | Barcode | Date last seen | Price effective from | Koha item type |
|---|---|---|---|---|---|---|---|---|---|---|---|---|---|---|---|
| Library of Congress Classification | Main Collection | ARRUPE LIBRARY | ARRUPE LIBRARY | Main Collection | 30/01/2014 | BV4405 .M39 2007 | 464123487 | 24/01/2017 | 30/01/2014 | Monograph ( Printed materials) |